000
00220nam a2200097Ia 4500
100
_a
Bhusan/Y.K
942
_c
BK
245
_a
Fund. of Business Org. & Management
260
_b
Sultan Chand & Sons
_c
2001
546
_a
ENGLISH
999
_c
25656
_d
25656